000 00305nam a22001337a 4500
008 181023b xxu||||| |||| 00| 0 eng d
020 _a141301366-X
041 _aeng
080 _24th
_a371
100 _a46
101 _aEDU
245 _aYour Guide to College Success
_cSantrock,J.W
942 _2udc
_cBK
999 _c50582
_d50582